000 nam a22 7a 4500
999 _c150270
_d150268
005 20190809155404.0
008 190809b sp ||||| |||| 00| 0 spa d
020 _a8447017397
050 0 4 _aK3240
_bG66 2002
100 1 _aGonzález Moreno, Beatriz,
_eautor
245 1 3 _aEl estado social: naturaleza jurídica y estructura de los derechos sociales
_c/ Beatriz González Moreno.
250 _a1a ed.
260 _aMadrid :
_bUniversidade de Vigo :
_bCivitas,
_cc2002
300 _a263 p. ;
_c20 cm
504 _aBibliografía : p. 237-263
650 7 _2lemb
_aDerecho social
_zEspaña
650 7 _2lemb
_aEstado de derecho
_zEspaña
942 _2lcc
_cLIB